[Event "37. Copenhagen Open (Politiken Cup)"]
[Site "Elsinore"]
[Date "2015.07.31"]
[Round "8"]
[White "Rasmussen, Morten(1956)"]
[Black "Yilmaz, Kazim"]
[Result "1-0"]
[WhiteElo "1879"]
[BlackElo "1612"]
[PlyCount "101"]
[EventDate "2015.07.25"]
[EventType "swiss"]
[EventRounds "10"]
[EventCountry "DEN"]
[Source "ChessBase"]
[SourceDate "2015.09.14"]

1. d4 d5 2. c4 c6 3. Nf3 Nf6 4. e3 Bg4 5. Qb3 Qb6 6. Ne5 e6 7. Nxg4 Nxg4 8. Nc3
Qxb3 9. axb3 Bb4 10. Bd3 O-O 11. O-O Bxc3 12. bxc3 f5 13. cxd5 cxd5 14. c4 Nc6
15. Ba3 Rfe8 16. cxd5 exd5 17. Bxf5 Nf6 18. Rfc1 g6 19. Bd3 a6 20. Rc3 Ne4 21.
Bxe4 Rxe4 22. Rc5 Rd8 23. g3 g5 24. Kg2 g4 25. Rh1 Kg7 26. h3 gxh3+ 27. Rxh3
Kg6 28. Rh1 h5 29. b4 Rd7 30. b5 axb5 31. Rxb5 h4 32. Rxh4 Rxh4 33. gxh4 Kh5
34. e4 Nxd4 35. Rxd5+ Rxd5 36. exd5 Kxh4 37. d6 Nc6 38. d7 b5 39. d8=Q+ Nxd8
40. Be7+ Kg4 41. Bxd8 b4 42. Bf6 b3 43. Bb2 Kf4 44. f3 Kf5 45. Kg3 Kg6 46. Kg4
Kf7 47. Kf5 Kf8 48. Kf6 Ke8 49. f4 Kf8 50. f5 Ke8 51. Kg7 1-0

[Event "37. Copenhagen Open (Politiken Cup)"]
[Site "Elsinore"]
[Date "2015.07.31"]
[Round "8"]
[White "Rasmussen, Morten Fredsgaard"]
[Black "Jacobsen, Fredrik Beer"]
[Result "1/2-1/2"]
[WhiteElo "1932"]
[BlackElo "2071"]
[PlyCount "44"]
[EventDate "2015.07.25"]
[EventType "swiss"]
[EventRounds "10"]
[EventCountry "DEN"]
[Source "ChessBase"]
[SourceDate "2015.09.14"]

1. d4 Nf6 2. Nf3 e6 3. Bg5 Be7 4. Nbd2 d5 5. e3 O-O 6. Bd3 b6 7. O-O Bb7 8. Ne5
Nbd7 9. f4 Ne4 10. Bxe7 Qxe7 11. Nxd7 Qxd7 12. Nf3 f6 13. h3 Qe7 14. g4 g5 15.
fxg5 Nxg5 16. Nxg5 fxg5 17. Qe2 e5 18. Rxf8+ Rxf8 19. Rf1 Rxf1+ 20. Kxf1 e4 21.
Ba6 Qf6+ 22. Kg1 Bc6 1/2-1/2

[Event "37. Copenhagen Open (Politiken Cup)"]
[Site "Elsinore"]
[Date "2015.07.31"]
[Round "8"]
[White "Risting, Eivind Olav"]
[Black "Tarjan, James Edward"]
[Result "1/2-1/2"]
[WhiteElo "2190"]
[BlackElo "2490"]
[PlyCount "56"]
[EventDate "2015.07.25"]
[EventType "swiss"]
[EventRounds "10"]
[EventCountry "DEN"]
[Source "ChessBase"]
[SourceDate "2015.09.14"]

1. d4 Nf6 2. c4 e6 3. Nc3 Bb4 4. e3 O-O 5. Bd3 d5 6. Nf3 c5 7. O-O cxd4 8. exd4
dxc4 9. Bxc4 b6 10. Qe2 Bb7 11. Rd1 Bxc3 12. bxc3 Nbd7 13. Bd3 Qc7 14. Bd2 Rfe8
15. Re1 Nd5 16. Qe4 N5f6 17. Qe2 Rac8 18. Rac1 Qd6 19. Ba6 Qd5 20. Bf4 h6 21.
Bxb7 Qxb7 22. c4 Qa6 23. Rc2 Rc6 24. Rec1 Rec8 25. Qd3 Qb7 26. h3 Rd8 27. Qe3
Rcc8 28. Qa3 Rc6 1/2-1/2

[Event "37. Copenhagen Open (Politiken Cup)"]
[Site "Elsinore"]
[Date "2015.07.31"]
[Round "8"]
[White "Robertsen, Bjorn"]
[Black "Taksrud, Vidar"]
[Result "1-0"]
[WhiteElo "1676"]
[BlackElo "2048"]
[PlyCount "171"]
[EventDate "2015.07.25"]
[EventType "swiss"]
[EventRounds "10"]
[EventCountry "DEN"]
[Source "ChessBase"]
[SourceDate "2015.09.14"]

1. d4 Nf6 2. c4 e6 3. Nf3 Bb4+ 4. Bd2 c5 5. Bxb4 cxb4 6. g3 Nc6 7. Bg2 d5 8.
Nbd2 O-O 9. O-O Bd7 10. h3 a5 11. Rc1 a4 12. Re1 a3 13. b3 Ne4 14. Nxe4 dxe4
15. Nd2 f5 16. Nf1 Qf6 17. e3 Rfd8 18. f3 e5 19. d5 exf3 20. Bxf3 e4 21. Be2
Ne5 22. Qd2 b6 23. Qxb4 Qh6 24. h4 Re8 25. Qd2 g5 26. hxg5 Qxg5 27. c5 bxc5 28.
Rxc5 Ra6 29. d6 Nf3+ 30. Bxf3 exf3 31. Rc7 Be6 32. Rd1 Rd8 33. Qb4 Raa8 34. Qf4
Qf6 35. Qxf3 Bxb3 36. axb3 a2 37. Qh5 h6 38. Ra1 Rxd6 39. Rcc1 Rd3 40. Qf3 Ra7
41. Qe2 Rxb3 42. Qc4+ Qf7 43. Qxf7+ Kxf7 44. Rc2 Rba3 45. Kf2 Kf6 46. Nd2 Kg5
47. Nf3+ Kf6 48. Nd4 R7a5 49. Rc6+ Kg7 50. Kf3 R3a4 51. Kf4 Rb4 52. Rc2 Rba4
53. Rb2 Kg6 54. Rb6+ Kg7 55. Kf3 Ra3 56. Rb5 Rxb5 57. Nxb5 Rb3 58. Nd4 Rb2 59.
Nxf5+ Kg6 60. Nd4 Kf6 61. Ne2 h5 62. Nc3 Rc2 63. Nxa2 Rh2 64. Nc3 h4 65. Ne4+
Ke7 66. Ra7+ Kf8 67. Rh7 Ra2 68. Rxh4 Kg7 69. Kf4 Ra4 70. g4 Rb4 71. g5 Ra4 72.
Kf5 Ra5+ 73. Ke6 Ra6+ 74. Nd6 Kg6 75. Rg4 Rb6 76. e4 Ra6 77. Rg1 Rb6 78. e5 Ra6
79. Rg2 Rb6 80. Ke7 Ra6 81. e6 Ra7+ 82. Kf8 Ra8+ 83. Ne8 Ra6 84. e7 Ra8 85. Re2
Ra5 86. Ng7 1-0

[Event "37. Copenhagen Open (Politiken Cup)"]
[Site "Elsinore"]
[Date "2015.07.31"]
[Round "8"]
[White "Roe, Simon J"]
[Black "Christiansen, Johan Sebastian"]
[Result "1-0"]
[WhiteElo "2240"]
[BlackElo "2409"]
[PlyCount "75"]
[EventDate "2015.07.25"]
[EventType "swiss"]
[EventRounds "10"]
[EventCountry "DEN"]
[Source "ChessBase"]
[SourceDate "2015.09.14"]

1. Nf3 f5 2. d3 d6 3. e4 e5 4. Nc3 Nc6 5. exf5 Nge7 6. Bg5 h6 7. Bxe7 Bxe7 8.
d4 exd4 9. Nxd4 Nxd4 10. Qxd4 O-O 11. Bd3 c6 12. O-O-O Bf6 13. Qa4 d5 14. g4
Qc7 15. h4 b5 16. Qb4 a5 17. Qc5 Qf4+ 18. Kb1 Bd7 19. g5 Bd4 20. Nxd5 cxd5 21.
Qxd5+ Kh8 22. Qxd7 Rad8 23. Qb7 Bxb2 24. Kxb2 Qb4+ 25. Kc1 Qa3+ 26. Kd2 Rfe8
27. Qxb5 Rb8 28. Qc4 Rec8 29. Qd4 Rd8 30. Qc3 Rxd3+ 31. Qxd3 Qb4+ 32. Ke2 Re8+
33. Kf1 Qb7 34. Rg1 Qb4 35. gxh6 Qxh4 36. hxg7+ Kh7 37. f6+ Re4 38. g8=Q+ 1-0

[Event "37. Copenhagen Open (Politiken Cup)"]
[Site "Elsinore"]
[Date "2015.07.31"]
[Round "8"]
[White "Rolvag, Birk Anders"]
[Black "Nilssen, Ellen Fredericia"]
[Result "1/2-1/2"]
[WhiteElo "1970"]
[BlackElo "1819"]
[PlyCount "127"]
[EventDate "2015.07.25"]
[EventType "swiss"]
[EventRounds "10"]
[EventCountry "DEN"]
[Source "ChessBase"]
[SourceDate "2015.09.14"]

1. d4 e6 2. c4 d5 3. Nc3 Be7 4. Nf3 Nf6 5. cxd5 exd5 6. Bg5 c6 7. Qc2 Nbd7 8.
e3 Nh5 9. Bxe7 Qxe7 10. Be2 Nf8 11. O-O Ng6 12. Na4 O-O 13. Nc5 Re8 14. b4 a6
15. a4 Nhf4 16. Bd3 Nxd3 17. Nxd3 Bf5 18. Rab1 Qe4 19. Rb3 Bh3 20. Nfe1 Bf5 21.
Qd2 Nh4 22. Ne5 Be6 23. f3 Qf5 24. g3 Ng6 25. Nxg6 Qxg6 26. Nd3 Bf5 27. Ne5 Qd6
28. Rc1 Qe7 29. Kf2 Rec8 30. Kg2 Re8 31. Re1 f6 32. Nd3 Bxd3 33. Qxd3 Qd6 34.
Re2 Re7 35. b5 axb5 36. axb5 Ra1 37. Qc3 Ra4 38. bxc6 bxc6 39. Rc2 Rc4 40. Qd3
Rxe3 41. Qxc4 dxc4 42. Rxe3 Qxd4 43. Rec3 Kf7 44. Rxc4 Qd3 45. R4c3 Qd4 46.
Rxc6 Qd3 47. R6c3 Qd1 48. Rb2 Qe1 49. Rcc2 Qe6 50. Re2 Qc4 51. Rbc2 Qd3 52. h4
Qd7 53. Rc4 Qd6 54. Rec2 Qd3 55. R4c3 Qd1 56. Rc8 Qd3 57. R8c3 Qd1 58. Rb2 Qe1
59. Rcc2 Qe3 60. Re2 Qc5 61. Re4 Qc6 62. h5 Qd5 63. g4 f5 64. Rf4 1/2-1/2

[Event "37. Copenhagen Open (Politiken Cup)"]
[Site "Elsinore"]
[Date "2015.07.31"]
[Round "8"]
[White "Rose, Dennis Lauge"]
[Black "Loveid, Erik"]
[Result "1/2-1/2"]
[WhiteElo "1797"]
[BlackElo "1559"]
[PlyCount "132"]
[EventDate "2015.07.25"]
[EventType "swiss"]
[EventRounds "10"]
[EventCountry "DEN"]
[Source "ChessBase"]
[SourceDate "2015.09.14"]

1. f4 d5 2. Nf3 c5 3. e3 Nc6 4. d4 Bf5 5. c3 e6 6. Ne5 cxd4 7. exd4 Nf6 8. Bb5
Qc7 9. O-O Bd6 10. Nd2 h6 11. Ndf3 Rc8 12. Bd2 Ne4 13. Nh4 Bh7 14. Be3 O-O 15.
Bd3 Be7 16. Nhf3 a6 17. Nd2 Nxd2 18. Bxh7+ Kxh7 19. Qxd2 Kg8 20. Rf3 Na5 21.
Rg3 Bh4 22. Rh3 Qe7 23. Qe2 Nc4 24. Nxc4 Rxc4 25. Qg4 Bf6 26. Rxh6 g6 27. Rf1
Bg7 28. Rh3 Qf6 29. Rg3 Qf5 30. Qxf5 gxf5 31. Rff3 Rb8 32. Rg5 f6 33. Rg6 Kf7
34. Rfg3 Bh8 35. h4 Rcc8 36. Kf2 b5 37. Rh6 Rg8 38. Rh7+ Rg7 39. Rhxg7+ Bxg7
40. b3 Rc8 41. Bd2 b4 42. Ke2 bxc3 43. Rxc3 Rxc3 44. Bxc3 Kg6 45. Kf3 Bf8 46.
a4 Bd6 47. b4 Bc7 48. b5 axb5 49. axb5 Bb6 50. g3 Kh5 51. Ke3 Kg4 52. Bb4 e5
53. Bc5 exf4+ 54. gxf4 Bc7 55. h5 Kxh5 56. b6 Bb8 57. Kf3 Kg6 58. Be7 Kf7 59.
Bb4 Ke6 60. Kg3 Kd7 61. Bd2 Bd6 62. Kh4 Kc6 63. Kh5 Kxb6 64. Kg6 Kb5 65. Kxf5
Kc4 66. Kxf6 Bxf4 1/2-1/2

[Event "37. Copenhagen Open (Politiken Cup)"]
[Site "Elsinore"]
[Date "2015.07.31"]
[Round "8"]
[White "Rosell, Sven"]
[Black "Keen, Cosima C"]
[Result "1-0"]
[WhiteElo "1995"]
[BlackElo "1821"]
[PlyCount "57"]
[EventDate "2015.07.25"]
[EventType "swiss"]
[EventRounds "10"]
[EventCountry "DEN"]
[Source "ChessBase"]
[SourceDate "2015.09.14"]

1. c4 e6 2. Nf3 d5 3. g3 Nf6 4. Bg2 Be7 5. O-O O-O 6. b3 a5 7. Bb2 a4 8. d3 a3
9. Bc3 Nc6 10. e3 Re8 11. Qe2 Bf8 12. Ne5 Nxe5 13. Bxe5 c5 14. Nd2 Nd7 15. Bc3
Nb8 16. Nf3 Nc6 17. h4 Be7 18. Rfd1 d4 19. exd4 cxd4 20. Bd2 e5 21. Ne1 Bd7 22.
Nc2 Qc7 23. b4 Ra4 24. Rab1 b6 25. Bd5 Bf5 26. Qf3 Qc8 27. Bxc6 Bg4 28. Qg2
Bxd1 29. Rxd1 1-0

[Event "37. Copenhagen Open (Politiken Cup)"]
[Site "Elsinore"]
[Date "2015.07.31"]
[Round "8"]
[White "Royset, Pal"]
[Black "Brendel, Bergit"]
[Result "1-0"]
[WhiteElo "2236"]
[BlackElo "2086"]
[PlyCount "89"]
[EventDate "2015.07.25"]
[EventType "swiss"]
[EventRounds "10"]
[EventCountry "DEN"]
[Source "ChessBase"]
[SourceDate "2015.09.14"]

1. e4 e5 2. Nf3 Nc6 3. Bb5 a6 4. Ba4 Nf6 5. d3 b5 6. Bb3 Bc5 7. O-O d6 8. c3
Bg4 9. h3 Bxf3 10. Qxf3 h6 11. Re1 O-O 12. Nd2 a5 13. a4 b4 14. Nf1 Rb8 15. Bc4
bxc3 16. bxc3 Nh7 17. Ne3 Ne7 18. Ng4 Ng6 19. g3 c6 20. Kg2 Qd7 21. h4 Kh8 22.
Qf5 Qxf5 23. exf5 Ne7 24. d4 exd4 25. Rxe7 d5 26. Re5 f6 27. Re6 dxc4 28. Rxc6
Rfc8 29. Ra6 dxc3 30. Rxa5 Bd4 31. Rd5 Rd8 32. Rxd8+ Rxd8 33. Ne3 Bxe3 34. Bxe3
c2 35. a5 Rb8 36. a6 Nf8 37. a7 Ra8 38. Rc1 Nd7 39. Rxc2 Ne5 40. Rb2 Nc6 41.
Rb6 Nxa7 42. Ra6 c3 43. Rxa7 Rc8 44. Kf3 c2 45. Ra1 1-0

[Event "37. Copenhagen Open (Politiken Cup)"]
[Site "Elsinore"]
[Date "2015.07.31"]
[Round "8"]
[White "Rydstrom, Tom"]
[Black "Formanek, Edward W"]
[Result "1-0"]
[WhiteElo "2346"]
[BlackElo "2121"]
[PlyCount "103"]
[EventDate "2015.07.25"]
[EventType "swiss"]
[EventRounds "10"]
[EventCountry "DEN"]
[Source "ChessBase"]
[SourceDate "2015.09.14"]

1. e4 e6 2. d4 d5 3. Nc3 Bb4 4. e5 Ne7 5. a3 Bxc3+ 6. bxc3 b6 7. Qg4 Ng6 8. h4
h5 9. Qd1 Ba6 10. Bxa6 Nxa6 11. Bg5 Qd7 12. Ne2 Ne7 13. Nf4 g6 14. Bf6 Rh7 15.
Qd3 Qa4 16. Nh3 Ng8 17. Ng5 Nxf6 18. exf6 Rh6 19. Qe3 Rh8 20. O-O Kf8 21. Rfe1
Re8 22. Re2 Nb8 23. Qg3 Qd7 24. Rae1 Nc6 25. f4 Qd6 26. Qf3 Qd8 27. f5 gxf5 28.
Qg3 Qxf6 29. Qxc7 Nxd4 30. cxd4 Qxd4+ 31. Kf1 Re7 32. Qb8+ Kg7 33. Qg3 Qg4 34.
Qe5+ Kg8 35. Re3 Rh6 36. Rg3 Qc4+ 37. Kg1 Rg6 38. Rc3 Qa4 39. Rc8+ Re8 40.
Rxe8+ Qxe8 41. Qxd5 Qa4 42. Qd8+ Kg7 43. Rd1 Qxa3 44. Qd4+ Kg8 45. Qe5 Qe7 46.
Qb8+ Kg7 47. Rd8 Qc5+ 48. Kh1 Kf6 49. Rd7 Rg7 50. Nxf7 Rxg2 51. Qh8+ Rg7 52.
Qd8+ 1-0

[Event "37. Copenhagen Open (Politiken Cup)"]
[Site "Elsinore"]
[Date "2015.07.31"]
[Round "8"]
[White "Satre, Mathias"]
[Black "Hansen, Alex Mehr"]
[Result "1-0"]
[WhiteElo "1753"]
[BlackElo "1965"]
[PlyCount "137"]
[EventDate "2015.07.25"]
[EventType "swiss"]
[EventRounds "10"]
[EventCountry "DEN"]
[Source "ChessBase"]
[SourceDate "2015.09.14"]

1. c4 c6 2. g3 d5 3. cxd5 Qxd5 4. Nf3 Qh5 5. Bg2 Bh3 6. O-O Bxg2 7. Kxg2 Nd7 8.
Qb3 Nb6 9. d4 Nf6 10. Nc3 e6 11. e4 Nfd7 12. a4 Qa5 13. Rd1 Qb4 14. Qc2 Nf6 15.
a5 Nc8 16. Ra4 Qe7 17. d5 a6 18. d6 Nxd6 19. e5 Nd5 20. exd6 Qxd6 21. Nxd5 exd5
22. Re1+ Be7 23. b3 c5 24. Ba3 Rc8 25. b4 O-O 26. bxc5 Qc7 27. Rc1 Rfd8 28. Nd4
Qe5 29. Nf5 Bf8 30. Rh4 g6 31. Nh6+ Bxh6 32. Rxh6 d4 33. Qd3 f5 34. Bb2 Rxc5
35. Rxc5 Qxc5 36. Qb3+ Qd5+ 37. Qxd5+ Rxd5 38. Kf1 Rxa5 39. Bxd4 Rd5 40. Bb6
Rd6 41. Be3 b5 42. Rh4 a5 43. Rd4 Ra6 44. Rd8+ Kf7 45. Rb8 b4 46. Ke2 Rc6 47.
Rb5 Rc2+ 48. Kd3 Rc3+ 49. Kd2 Ra3 50. Kc2 Ra2+ 51. Kb3 Ra3+ 52. Kb2 Kf6 53. h4
Ra4 54. Bb6 Ra3 55. Rxa5 Rd3 56. Be3 b3 57. Rb5 Ke6 58. Rxb3 Rd7 59. Ra3 Rd6
60. Ra7 h5 61. Rb7 Rd5 62. Rb6+ Kf7 63. Kc3 Rd1 64. Bd4 f4 65. Rf6+ Ke7 66.
Rxg6 Rg1 67. Rg5 Ke6 68. Kd2 Rg2 69. gxf4 1-0

[Event "37. Copenhagen Open (Politiken Cup)"]
[Site "Elsinore"]
[Date "2015.07.31"]
[Round "8"]
[White "Satre, Roger"]
[Black "Engel, Robert"]
[Result "1-0"]
[WhiteElo "1900"]
[BlackElo "1725"]
[PlyCount "45"]
[EventDate "2015.07.25"]
[EventType "swiss"]
[EventRounds "10"]
[EventCountry "DEN"]
[Source "ChessBase"]
[SourceDate "2015.09.14"]

1. e4 c5 2. Nc3 a6 3. g3 b5 4. Bg2 Bb7 5. d3 e6 6. Nf3 d5 7. exd5 exd5 8. O-O
b4 9. Na4 Qa5 10. Re1+ Be7 11. b3 Nc6 12. Nh4 Nd4 13. Bb2 Nh6 14. Bxd4 cxd4 15.
Qh5 Kf8 16. Nf5 Nxf5 17. Qxf5 Rd8 18. Re2 Bc8 19. Qf4 Bf6 20. Rae1 Be6 21. Bh3
Bg5 22. Qxg5 Bxh3 23. Qe7+ 1-0

[Event "37. Copenhagen Open (Politiken Cup)"]
[Site "Elsinore"]
[Date "2015.07.31"]
[Round "8"]
[White "Schjolin, John"]
[Black "Roksvold, Thore"]
[Result "0-1"]
[WhiteElo "1276"]
[BlackElo "1629"]
[PlyCount "74"]
[EventDate "2015.07.25"]
[EventType "swiss"]
[EventRounds "10"]
[EventCountry "DEN"]
[Source "ChessBase"]
[SourceDate "2015.09.14"]

1. d4 f5 2. c4 c6 3. Bf4 Nf6 4. Nc3 e6 5. e3 d5 6. c5 Be7 7. Nf3 Nbd7 8. Bd3
O-O 9. O-O Ne4 10. Rc1 Bf6 11. Qe1 Qe8 12. Bb1 e5 13. Bg3 Nxg3 14. fxg3 e4 15.
Nd2 Bg5 16. Qe2 Nf6 17. h3 h5 18. Qe1 Be6 19. Kh2 Bh6 20. Qf2 g5 21. Rh1 Qg6
22. Rcf1 Kh7 23. Bc2 Rg8 24. Bd1 Raf8 25. Ne2 h4 26. b4 hxg3+ 27. Nxg3 f4 28.
Ne2 fxe3 29. Qxe3 g4 30. Qc3 e3 31. Nb3 Ne4 32. Qd3 gxh3 33. g3 Kh8 34. Rxf8
Rxf8 35. Rg1 Rf2+ 36. Kh1 Nxg3+ 37. Nxg3 Qxd3 0-1

[Event "37. Copenhagen Open (Politiken Cup)"]
[Site "Elsinore"]
[Date "2015.07.31"]
[Round "8"]
[White "Schmidt, Kristen"]
[Black "Pantzar, Milton"]
[Result "0-1"]
[WhiteElo "2254"]
[BlackElo "2098"]
[PlyCount "60"]
[EventDate "2015.07.25"]
[EventType "swiss"]
[EventRounds "10"]
[EventCountry "DEN"]
[Source "ChessBase"]
[SourceDate "2015.09.14"]

1. e4 e6 2. d4 d5 3. Nd2 Nf6 4. e5 Nfd7 5. Bd3 c5 6. c3 Nc6 7. Ngf3 cxd4 8.
cxd4 f6 9. exf6 Nxf6 10. O-O Bd6 11. Re1 O-O 12. Nb3 Qc7 13. Qe2 Bd7 14. Ne5
Rae8 15. f4 a5 16. Be3 a4 17. Nd2 Qb6 18. Ndf3 Nb4 19. Nxd7 Nxd7 20. Bb5 Nc6
21. g3 Bb4 22. Red1 a3 23. Rab1 Qa7 24. bxa3 Bxa3 25. Rb3 Ra8 26. Rdb1 Nf6 27.
Ne5 Nxd4 28. Qf2 Bc5 29. Rd3 Ne4 30. Qb2 Nxb5 0-1

[Event "37. Copenhagen Open (Politiken Cup)"]
[Site "Elsinore"]
[Date "2015.07.31"]
[Round "8"]
[White "Schroeder, Jan Christian"]
[Black "Maze, Sebastien"]
[Result "1/2-1/2"]
[WhiteElo "2461"]
[BlackElo "2575"]
[PlyCount "38"]
[EventDate "2015.07.25"]
[EventType "swiss"]
[EventRounds "10"]
[EventCountry "DEN"]
[Source "ChessBase"]
[SourceDate "2015.09.14"]

1. e4 c6 2. d4 d5 3. e5 Bf5 4. Nf3 e6 5. Be2 Nd7 6. O-O Ne7 7. Nbd2 h6 8. Nb3
a5 9. a4 Bh7 10. Bd2 Nc8 11. c4 dxc4 12. Bxc4 Be7 13. Qe2 O-O 14. Rfc1 Re8 15.
Ne1 Bf8 16. Qg4 Kh8 17. Qf3 Kg8 18. Qg4 Kh8 19. Qf3 Kg8 1/2-1/2

[Event "37. Copenhagen Open (Politiken Cup)"]
[Site "Elsinore"]
[Date "2015.07.31"]
[Round "8"]
[White "Semcesen, Daniel"]
[Black "Thybo, Jesper Sondergaard"]
[Result "1/2-1/2"]
[WhiteElo "2437"]
[BlackElo "2255"]
[PlyCount "110"]
[EventDate "2015.07.25"]
[EventType "swiss"]
[EventRounds "10"]
[EventCountry "DEN"]
[Source "ChessBase"]
[SourceDate "2015.09.14"]

1. d4 Nf6 2. c4 g6 3. Nc3 Bg7 4. e4 d6 5. h3 O-O 6. Nf3 c5 7. d5 e6 8. Bd3 exd5
9. exd5 Re8+ 10. Be3 Bf5 11. Bxf5 gxf5 12. O-O Ne4 13. Nxe4 fxe4 14. Nd2 f5 15.
Qh5 Rf8 16. g3 Nd7 17. f3 Qe7 18. fxe4 fxe4 19. Kg2 Ne5 20. Bg5 Qd7 21. Nxe4
Nxc4 22. Rac1 Rxf1 23. Rxf1 Re8 24. Nf6+ Bxf6 25. Rxf6 Ne3+ 26. Bxe3 Rxe3 27.
Rf5 Qe7 28. Qg4+ Kh8 29. h4 Qe4+ 30. Qxe4 Rxe4 31. Rf6 Re2+ 32. Kf3 Rxb2 33.
Rxd6 a5 34. Ke4 c4 35. a4 Rb3 36. Rd7 Kg8 37. Ke5 h5 38. Rc7 Kf8 39. Rxc4 Rxg3
40. Rc8+ Ke7 41. Rc7+ Kd8 42. Rxb7 Rg4 43. Kd6 Rg6+ 44. Kc5 Rg4 45. Kc6 Rc4+
46. Kd6 Kc8 47. Rh7 Rxh4 48. Rh8+ Kb7 49. Kd7 Rxa4 50. Rxh5 Rg4 51. d6 Rg7+ 52.
Ke6 Kc6 53. Rxa5 Rg6+ 54. Ke7 Rg7+ 55. Ke6 Rg6+ 1/2-1/2

[Event "37. Copenhagen Open (Politiken Cup)"]
[Site "Elsinore"]
[Date "2015.07.31"]
[Round "8"]
[White "Shehzad, Alisha"]
[Black "Jacobsen, Caroline Beer"]
[Result "0-1"]
[WhiteElo "1266"]
[BlackElo "1666"]
[PlyCount "46"]
[EventDate "2015.07.25"]
[EventType "swiss"]
[EventRounds "10"]
[EventCountry "DEN"]
[Source "ChessBase"]
[SourceDate "2015.09.14"]

1. e4 e5 2. Nf3 Nc6 3. Bb5 a6 4. Bxc6 dxc6 5. d3 Bg4 6. O-O Nf6 7. Bg5 Be7 8.
Nbd2 Nh5 9. Bxe7 Qxe7 10. h3 Bxf3 11. Nxf3 O-O-O 12. Nd2 Nf4 13. Qg4+ Kb8 14.
Nb3 h5 15. Qf3 g5 16. Rfe1 g4 17. hxg4 hxg4 18. Qg3 Rdg8 19. Nc1 Nh5 20. Qe3
Qh4 21. Ne2 Nf4 22. Ng3 Qh2+ 23. Kf1 Qxg2# 0-1

[Event "37. Copenhagen Open (Politiken Cup)"]
[Site "Elsinore"]
[Date "2015.07.31"]
[Round "8"]
[White "Simensen, Vegard"]
[Black "Kaasen, Tor Fredrik"]
[Result "0-1"]
[WhiteElo "1859"]
[BlackElo "2026"]
[PlyCount "59"]
[EventDate "2015.07.25"]
[EventType "swiss"]
[EventRounds "10"]
[EventCountry "DEN"]
[Source "ChessBase"]
[SourceDate "2015.09.14"]

1. Nf3 Nf6 2. c4 e6 3. d4 Bb4+ 4. Bd2 c5 5. Bxb4 cxb4 6. e3 b6 7. Bd3 Bb7 8.
O-O O-O 9. Nbd2 d6 10. Re1 Nbd7 11. Ng5 e5 12. Nge4 Qe7 13. Rc1 Rae8 14. d5
Nxe4 15. Nxe4 f5 16. Ng3 g6 17. f3 Nc5 18. Bc2 Rf7 19. a3 bxa3 20. b4 Na6 21.
Qd2 Qh4 22. Bb3 Rc8 23. f4 Qf6 24. Ra1 exf4 25. exf4 Qb2 26. Qe3 Nxb4 27. Reb1
Qf6 28. Ba4 a2 29. Rc1 Rxc4 30. Rxc4 0-1

[Event "37. Copenhagen Open (Politiken Cup)"]
[Site "Elsinore"]
[Date "2015.07.31"]
[Round "8"]
[White "Ski, Alexander K"]
[Black "Olsen, Aage Dalstrup"]
[Result "0-1"]
[WhiteElo "1445"]
[BlackElo "1735"]
[PlyCount "132"]
[EventDate "2015.07.25"]
[EventType "swiss"]
[EventRounds "10"]
[EventCountry "DEN"]
[Source "ChessBase"]
[SourceDate "2015.09.14"]

1. e4 c6 2. d4 d5 3. exd5 cxd5 4. Nf3 Nc6 5. Bb5 f6 6. O-O g6 7. Be3 Nh6 8. Nc3
Nf7 9. Qd2 Bg7 10. Ne2 O-O 11. c4 a6 12. Bxc6 bxc6 13. c5 e5 14. Nc3 e4 15. Ne1
f5 16. Na4 g5 17. Nb6 Rb8 18. f4 exf3 19. Nxf3 f4 20. Bf2 Bg4 21. Qd3 Bc8 22.
Qd2 Qf6 23. Rfe1 Qf5 24. g3 h5 25. Rad1 Qf6 26. Ne5 Nxe5 27. Rxe5 Qg6 28. Ree1
Bg4 29. Rc1 Rb7 30. Kg2 Qf5 31. Qc2 Bh3+ 32. Kg1 Qf6 33. Qe2 fxg3 34. Bxg3
Qxd4+ 35. Kh1 Bf5 36. Be5 Bxe5 37. Qxe5 Be4+ 38. Rxe4 Qxe4+ 39. Qxe4 dxe4 40.
Kg2 Rbf7 41. Nc4 Rf2+ 42. Kg1 Re2 43. Ne5 Rff2 44. Nxc6 Rxb2 45. Ne7+ Kf7 46.
Nd5 Rbc2 47. Rb1 Rfd2 48. Nb4 Rxc5 49. Nxa6 Rcc2 50. Nb4 Rb2 51. Rxb2 Rxb2 52.
a3 Rb3 53. Kf2 Rxa3 54. Nd5 Ke6 55. Ne3 h4 56. Ng4 Kf5 57. Ne3+ Kf4 58. Nd5+
Kg4 59. Kg2 Ra2+ 60. Kg1 Kf3 61. h3 e3 62. Nc3 Ra1+ 63. Kh2 e2 64. Nb5 Rh1+ 65.
Kxh1 e1=Q+ 66. Kh2 Qf2+ 0-1

[Event "37. Copenhagen Open (Politiken Cup)"]
[Site "Elsinore"]
[Date "2015.07.31"]
[Round "8"]
[White "Ski, Jonathan K"]
[Black "Maesschalck, Vincent"]
[Result "0-1"]
[WhiteElo "1549"]
[BlackElo "1784"]
[PlyCount "70"]
[EventDate "2015.07.25"]
[EventType "swiss"]
[EventRounds "10"]
[EventCountry "DEN"]
[Source "ChessBase"]
[SourceDate "2015.09.14"]

1. d4 e6 2. e4 d5 3. exd5 exd5 4. Nf3 Nc6 5. Bd3 Bd6 6. O-O Bg4 7. c3 Nge7 8.
Re1 Qd7 9. Be3 O-O-O 10. Nbd2 Ng6 11. b4 h6 12. Bxg6 fxg6 13. a4 Ne7 14. a5 Nf5
15. a6 b6 16. Qc2 Rhe8 17. Qb3 Qf7 18. Qa4 g5 19. Qc6 Ne7 20. Qa8+ Kd7 21. Qxa7
Ra8 22. Qb7 Reb8 23. c4 Rxb7 24. axb7 Rb8 25. c5 Rxb7 26. cxd6 cxd6 27. b5 Be6
28. h3 g4 29. hxg4 Bxg4 30. Nh2 Be6 31. Nhf3 Qg6 32. Bf4 Nf5 33. Nb3 Qg4 34.
Be5 Nh4 35. Nbd2 Qxg2# 0-1

[Event "37. Copenhagen Open (Politiken Cup)"]
[Site "Elsinore"]
[Date "2015.07.31"]
[Round "8"]
[White "Skjoldager, Flemming"]
[Black "Roder, Peter"]
[Result "1/2-1/2"]
[WhiteElo "1944"]
[BlackElo "2144"]
[PlyCount "50"]
[EventDate "2015.07.25"]
[EventType "swiss"]
[EventRounds "10"]
[EventCountry "DEN"]
[Source "ChessBase"]
[SourceDate "2015.09.14"]

1. e4 c5 2. Nf3 d6 3. d4 cxd4 4. Nxd4 Nf6 5. Nc3 g6 6. Be3 Bg7 7. f3 O-O 8. Qd2
Nc6 9. Bc4 Bd7 10. O-O-O Ne5 11. Bb3 Qa5 12. h4 Rfc8 13. Kb1 b5 14. Nd5 Qxd2
15. Rxd2 Nxd5 16. Bxd5 Rab8 17. h5 Nc4 18. Bxc4 bxc4 19. c3 a5 20. hxg6 hxg6
21. Ka1 Rb7 22. g4 Rcb8 23. Rb1 Ba4 24. Ne2 Bd7 25. Rh1 Ba4 1/2-1/2

[Event "37. Copenhagen Open (Politiken Cup)"]
[Site "Elsinore"]
[Date "2015.07.31"]
[Round "8"]
[White "Skjolingstad, Sverre"]
[Black "Saltvedt, Martin"]
[Result "1/2-1/2"]
[WhiteElo "1519"]
[BlackElo "1864"]
[PlyCount "60"]
[EventDate "2015.07.25"]
[EventType "swiss"]
[EventRounds "10"]
[EventCountry "DEN"]
[Source "ChessBase"]
[SourceDate "2015.09.14"]

1. e4 c5 2. Nf3 g6 3. d4 cxd4 4. Nxd4 Bg7 5. Nc3 Nc6 6. Be3 Nf6 7. Bc4 O-O 8.
O-O Ng4 9. Qxg4 Nxd4 10. Qd1 Nc6 11. Qd2 Ne5 12. Bb3 Ng4 13. Bd4 Qc7 14. g3 Ne5
15. f4 Nc4 16. Bxc4 Qxc4 17. Bxg7 Kxg7 18. Qd3 Qc5+ 19. Kh1 d6 20. Qd5 Qb6 21.
Qb5 Qc7 22. Rf2 b6 23. Nd5 Qd8 24. Kg1 Bb7 25. Rd1 Rc8 26. Qa4 a6 27. Qd4+ f6
28. Qxb6 Qd7 29. Qb3 Rc5 30. Rfd2 Rb5 1/2-1/2